000 01219cad a22002175a 4500
001 L154906
008 120131e20120131xxk 000 0 eng u
035 _a(Sirsi) u154906
041 0 _aeng
110 2 _aUnited Kingdom
_bLand Registry
_94774
245 0 0 _aLand Registry house price index
_bDecember 2011
_h[electronic resource]
260 _aLondon
_bLand Registry
_c2011
490 0 _aLand Registry House Price Index
_vDecember 2011
520 _aNo change in house prices in England and Wales between November and December 2011 but fell by 1.3% since December 2010. The average house price is £160 384. Prices fell across all regions apart from London with an annual increase of 2.8%. The number of property transactions has decreased over the last year. In July to October 2010, there was an average of 61 274 per month. In the same months this year, the average sales per month were 60 764.
590 _aKA NTK
650 2 4 _aLAND REGISTRY HOUSE PRICE INDEX
651 4 _aEngland and Wales
_y1543-
690 _aResidential property
_96266
856 4 0 _uhttps://www1.landregistry.gov.uk/upload/documents/HPI_Report_Dec_11_th12aoc15.pdf
_zView the report free of charge at www.landreg.gov.uk
942 _n0
999 _c113226
_d113226